[Event "El Vendrell op 3rd"]
[Site "El Vendrell"]
[Date "2023.07.15"]
[Round "1"]
[White "Solodovnichenko, Yuri"]
[Black "Guix Terricabras, Eduardo Jaime"]
[Result "1-0"]
[WhiteElo "2456"]
[BlackElo "1681"]
[PlyCount "69"]
[EventDate "2023.07.15"]
[EventType "swiss (rapid)"]
[EventRounds "9"]
[EventCountry "ESP"]
[SourceTitle "CBM 215 Extra"]
[Source "ChessBase"]
[SourceDate "2023.09.30"]
[SourceVersion "1"]
[SourceVersionDate "2023.09.30"]
[SourceQuality "1"]

1. e4 e5 2. Nf3 Nc6 3. d4 exd4 4. Nxd4 Bc5 5. Nb3 Bb6 6. Qe2 d6 7. Nc3 Nf6 8. Be3 0-0 9. 0-0-0 Re8 10. f3 Qe7 11. g4 Be6 12. g5 Nd7 13. Kb1 Bxb3 14. axb3 Bxe3 15. Qxe3 a6 16. Nd5 Qd8 17. Rg1 Ne7 18. Nc3 b5 19. h4 b4 20. Na4 Nc6 21. h5 g6 22. Bc4 Na5 23. Be2 Qe7 24. Rh1 c6 25. hxg6 fxg6 26. Qd4 d5 27. exd5 c5 28. Qh4 Nf8 29. Bd3 Qd6 30. f4 Re3 31. f5 Ra7 32. fxg6 Nxg6 33. Bxg6 Qxg6 34. Qf4 Re4 35. Qb8+ 1-0